| 000 | 00413nam a2200169Ia 4500 | ||
|---|---|---|---|
| 003 | OSt | ||
| 005 | 20240523160851.0 | ||
| 008 | 170619s9999 xx 000 0 und d | ||
| 020 | _a9780071138949 | ||
| 040 | _cIIMT ENGINEERING COLLEGE | ||
| 100 | _aBEER FERDINAND P. | ||
| 245 | 0 | _aVector Mechanical Engineering Dynamics | |
| 260 | _bNew Delhi: TMH | ||
| 260 | _c1972 | ||
| 546 | _aENGLISH | ||
| 942 |
_2ddc _c01 |
||
| 999 |
_c16498 _d16498 |
||